| 000 | 00847nas a2200277 4500 | ||
|---|---|---|---|
| 001 | BR7702050 | ||
| 003 | BR-BrBNA | ||
| 005 | 20231205083147.0 | ||
| 007 | ta | ||
| 008 | 230509b bl.|||p| |||| 00| 00por d | ||
| 040 |
_aBR-BrBNA _bpor _cBiblioteca Nacional de Agricultura |
||
| 041 | _a(Pt) | ||
| 072 | _aK10 | ||
| 100 | 1 | _aFerreira, M. das G.M. | |
| 100 | 1 | _aCandido, J.F. | |
| 100 | 1 | _aCano, M.A.O. | |
| 100 | 1 | _aConde, A.R. (Universidade Federal de Vicosa, MG (Brazil)) | |
| 245 | 1 | _aEfeito do sombreamento na producao de mudas de quatro especies florestais nativas | |
| 650 | _aProducao florestal | ||
| 650 | _aArvore florestal | ||
| 650 | _aSombreamento | ||
| 650 | _aMuda | ||
| 773 | 0 |
_tRevista Arvore (Brazil) _x _g(Jul 1977), v. 1(2) p. 121-134 _wBR7702050 |
|
| 909 |
_a202311 _bLúcia _c55 _dLúcia Elande |
||
| 942 |
_2AGRIS _n0 _cANA |
||
| 999 |
_c96809 _d96809 |
||